Bold palates : (Record no. 191828)

MARC details
000 -LEADER
fixed length control field 01494nam a2200385 i 4500
001 - CONTROL NUMBER
control field ocn827778387
003 - CONTROL NUMBER IDENTIFIER
control field OCoLC
005 - DATE AND TIME OF LATEST TRANSACTION
control field 20241115140242.0
006 - FIXED-LENGTH DATA ELEMENTS--ADDITIONAL MATERIAL CHARACTERISTICS
fixed length control field m d
007 - PHYSICAL DESCRIPTION FIXED FIELD--GENERAL INFORMATION
fixed length control field cr cnu---unuuu
008 - FIXED-LENGTH DATA ELEMENTS--GENERAL INFORMATION
fixed length control field 160822t20122012sa a ob 001 0 eng d
040 ## - CATALOGING SOURCE
Original cataloging agency N
--
Language of cataloging eng
Transcribing agency N
--
Modifying agency OPELS
-- UKMGB
-- YDX
-- OCLCF
-- OCLCO
-- N
--
Description conventions rda
020 ## - INTERNATIONAL STANDARD BOOK NUMBER
International Standard Book Number 9781743051139 (e-book)
020 ## - INTERNATIONAL STANDARD BOOK NUMBER
Canceled/invalid ISBN 9781743050941
035 ## - SYSTEM CONTROL NUMBER
System control number (OCoLC)827778387
035 ## - SYSTEM CONTROL NUMBER
System control number 521365
-- (N
-- )
082 04 - DEWEY DECIMAL CLASSIFICATION NUMBER
Classification number 641.30994
Edition number 23
049 ## - LOCAL HOLDINGS (OCLC)
Holding library N
-- A
082 0# - DEWEY DECIMAL CLASSIFICATION NUMBER
Classification number 641.5994
Edition number 23
100 1# - MAIN ENTRY--PERSONAL NAME
Personal name Santich, Barbara,
Relator term author.
245 10 - TITLE STATEMENT
Title Bold palates :
Remainder of title Australia's gastronomic heritage /
Statement of responsibility, etc. Barbara Santich.
264 #1 - PRODUCTION, PUBLICATION, DISTRIBUTION, MANUFACTURE, AND COPYRIGHT NOTICE
Place of production, publication, distribution, manufacture Kent Town, South Australia :
Name of producer, publisher, distributor, manufacturer Wakefield Press,
Date of production, publication, distribution, manufacture, or copyright notice 2012.
264 #4 - PRODUCTION, PUBLICATION, DISTRIBUTION, MANUFACTURE, AND COPYRIGHT NOTICE
Date of production, publication, distribution, manufacture, or copyright notice ©2012
300 ## - PHYSICAL DESCRIPTION
Extent 1 online resource
336 ## - CONTENT TYPE
Content type term text
Source rdacontent
337 ## - MEDIA TYPE
Media type term computer
Source rdamedia
338 ## - CARRIER TYPE
Carrier type term online resource
Source rdacarrier
504 ## - BIBLIOGRAPHY, ETC. NOTE
Bibliography, etc. note Includes bibliographical references and index.
588 ## - SOURCE OF DESCRIPTION NOTE
Source of description note Description based on print version record.
650 #0 - SUBJECT ADDED ENTRY--TOPICAL TERM
Topical term or geographic name entry element Cooking, Australian.
650 #0 - SUBJECT ADDED ENTRY--TOPICAL TERM
Topical term or geographic name entry element Cooking, Australian
General subdivision History.
655 #4 - INDEX TERM--GENRE/FORM
Genre/form data or focus term Electronic books.
776 08 - ADDITIONAL PHYSICAL FORM ENTRY
Relationship information Print version:
Main entry heading Santich, Barbara.
Title Bold palates.
Place, publisher, and date of publication Kent Town, S.Aust. : Wakefield Press, 2012
International Standard Book Number 9781743050941
Record control number (OCoLC)785724044
856 40 - ELECTRONIC LOCATION AND ACCESS
Uniform Resource Identifier https://ezproxy.taylors.edu.my/login?url=https://search.ebscohost.com/login.aspx?direct=true&scope=site&db=nlebk&db=nlabk&AN=521365
Public note An electronic book accessible through the World Wide Web; click to view
Holdings
Withdrawn status Lost status Source of classification or shelving scheme Damaged status Not for loan Home library Current library Date acquired Source of acquisition Cost, normal purchase price Total Checkouts Date last seen Cost, replacement price Price effective from Koha item type Public note
    Dewey Decimal Classification   e-book Taylor's Library-TU Taylor's Library - Perpetual(TU) 18/11/2024 125 91.95   18/11/2024 91.95 18/11/2024 Main Collection SFSGx,11731,03,RM,PPT